000
00363nam a2200145Ia 4500
008
090124s9999 xx 000 0 und d
082
_b
301207
245
_a
काळसर्प
250
_a
1
260
_b
हरकारे अरुण
_c
1984
300
_a
195
630
_a
काळसर्प
730
_a
काळसर्प
942
_c
BOOK
999
_c
190761
_d
190761